Library Logo

Pioneer International University Library Catalogue

Programming language fundamentals by example / (Record no. 402)

MARC details
000 -LEADER
fixed length control field 00586cam a2200181 a 4500
005 - DATE AND TIME OF LATEST TRANSACTION
control field 20250901165218.0
008 - FIXED-LENGTH DATA ELEMENTS--GENERAL INFORMATION
fixed length control field 060627s2007 flua b 001 0 eng
010 ## - LIBRARY OF CONGRESS CONTROL NUMBER
LC control number 2006048426
020 ## - INTERNATIONAL STANDARD BOOK NUMBER
International Standard Book Number 0849370167 (alk. paper)
020 ## - INTERNATIONAL STANDARD BOOK NUMBER
International Standard Book Number 9780849370168 (alk. paper)
050 00 - LIBRARY OF CONGRESS CALL NUMBER
Classification number QA76.6
Item number .S746 2007
082 00 - DEWEY DECIMAL CLASSIFICATION NUMBER
Classification number 005.1
Edition information 22
100 1# - MAIN ENTRY--PERSONAL NAME
Personal name Stevenson, D. E.
245 10 - TITLE STATEMENT
Title Programming language fundamentals by example /
Statement of responsibility, etc. D.E. Stevenson.
260 ## - PUBLICATION, DISTRIBUTION, ETC.
Place of publication, distribution, etc. Boca Raton :
Name of publisher, distributor, etc. Auerbach Publications,
Date of publication, distribution, etc. c2007.
300 ## - PHYSICAL DESCRIPTION
Extent xvi, 237 p. :
Other physical details ill. ;
Dimensions 25 cm.
942 ## - ADDED ENTRY ELEMENTS (KOHA)
Source of classification or shelving scheme Library of Congress Classification
Classification part QA76.6 .S746 2006
Holdings
Withdrawn status Lost status Source of classification or shelving scheme Damaged status Not for loan Home library Current library Shelving location Date acquired Total checkouts Full call number Barcode Date last seen Price effective from Koha item type
    Library of Congress Classification     Main Library Main Library   02/22/2021   QA76.6 .S746 2007 PIU0170315 02/22/2021 02/22/2021 Books